02624nam a2200337uu 4500001000800000005001700008007001000025008004100035035001200076040001300088041000800101080000900109082000800118100004200126245025700168260004300425300001300468520139400481650002101875650005301896650003801949650003701987650003802024650004502062700004502107700004002152700003502192700003902227502001202266526000802278102240320260507074557.0co|||||||070326e20071121 spa  a1022403 ccomduadb aspa aQ/CD 4a36310aGomez Velez, Gloria Cecilia4auteaut10aSistematizacion de la experiencia de la gestion social en la viabilizacion del proyecto modernizacion del servicio (PMS) de la Empresa Antioqueña de Energia (EADE) en aproximadamente 80 municipios del departamento de Antioquia en el periodo 2001-2005 aMedellín :b[sin publicador],c2007. a1 CD-ROM3 aLa Gestión Social en el sector energético parte de la necesidad de viabilizar los proyectos que buscan minimizar las pérdidas, como son los casos del Plan Pérdidas implementado por Empresas Públicas de Medellín y el Proyecto Modernización del Servicio de la Empresa Antioqueña de Energía, entre otros y se transforma en un proceso que aporta al sostenimiento empresarial desde allí, se pretende construir un escenario que contribuya al desarrollo de las localidades y de la misma empresa, haciéndose efectiva la Responsabilidad Social Empresarial La sistematización realizada a partir del segundo semestre del 2005 hasta el segundo semestre del 2006, recogió los diferentes ejes y componentes de la experiencia de la Gestión Social de la EADE en aproximadamente 80 municipios del Departamento de Antioquia en el período 2001-2005, buscando un análisis e interpretación de sus aciertos y desaciertos, de su lógica, y de los supuestos que sustentaron la experiencia para descubrir los nuevos aprendizajes obtenidos. Lo anterior, teniendo como base el acercamiento y la participación de las comunidades intervenidas por el PMS, el personal de la EADE y el equipo de Gestión Social, por medio de la recolección y el análisis de información mediante contactos directos y la revisión de registros documentales relacionados con la experiencia.  aGestión social 7aDesarrollo regionalzAntioquia (Colombia)2embne 7aParticipación comunitaria2lemb aServicios públicos - Antioquia aEnergía eléctrica - Antioquia aEADE (Empresa Antioqueña de Energía)10aQuerubin Yepes, Angelica Maria4auteaut10aRua David, Diana Patricia4auteaut10aSerna Arango, Llirly4auteaut10aMontoya Gómez, Brigida4thseths b107c12 a108